00739 2200181 4500245006400000020001800064250001200082100001600094700001700110650001700127005001900144260004200163041001400205084000800219300002300227500029800250336000900548 aLima Sekawan b : Ke Sarang PenyelundupcEnid BlytonhText a9786020321240 aCet. 23 aEnid Blyton aAgus Setiadi aNovel Remaja a20231010143140 aJakartabGramedia Pustaka Utamac2018 aIndonesia a813 a272 hlm. :c18 cm. abenarkah masih ada penyulundupan di sarang penyulundupan, lima sekawan pergi berlibur disebuah rumah tua dan menemukan tempat2 persembunyian rahasia serta lorong2 bawah tanah, mereka juga melihat beberapa orang mengirimkan sinyal rhasia ke laut...... siapakah para penyelundup ini sebenaranya. atext